| 000 | 00371nam a2200145Ia 4500 | ||
|---|---|---|---|
| 008 | 230411s9999 xx 000 0 und d | ||
| 020 | _a81-7434-380-6 | ||
| 041 | _aeng | ||
| 082 | _aX/891/GUN/B04215 | ||
| 100 |
_aGunaji Milind _9178164 |
||
| 245 | _aGoodha-Ramya Maharashtra | ||
| 260 |
_bRajhans Prakashan _aPune _c2007 |
||
| 300 | _a145p | ||
| 999 |
_c154919 _d154919 |
||